Click the World Cities on a Map #2 - Statistics

General Stats
  • This quiz has been taken 192 times
    191 since last reset
  • The average score is 21 of 36
Answers on the Map
Answers color-coded by a green-red scale on the quiz's map according to % correct below.
 
Answer Stats
Answer % Correct
London
77%
Berlin
71%
Baghdad
70%
Ho Chi Minh City
69%
Rome
69%
Stockholm
68%
Vienna
68%
Madrid
67%
Hong Kong
66%
Johannesburg
66%
Taipei
66%
Beijing
65%
Mecca
65%
Dhaka
64%
Vancouver
64%
Beirut
63%
Doha
63%
Mexico City
63%
Houston
62%
San Jose (Costa Rica)
61%
Santiago
60%
Accra
58%
Montreal
57%
Kuala Lumpur
55%
Mogadishu
55%
Melbourne
53%
Dar es Salaam
52%
Ouagadougou
52%
Sapporo
52%
Izmir
44%
Tijuana
44%
Ahmedabad
34%
Almaty
34%
Recife
34%
Denpasar
30%
Porto Alegre
29%
No matching quizzes found
Score Distribution
Percent of People with Each Score
Percentile by Number Answered
Your Score History
You have not taken this quiz since the last reset